| 000 | 00964cam a22003017a 4500 | ||
|---|---|---|---|
| 005 | 20220329141215.0 | ||
| 008 | 971010s1967 r 00010 d | ||
| 010 | _a64382 | ||
| 011 | _a65354 | ||
| 035 | _a72011 | ||
| 082 |
_a634.9285 _bA8 1967 |
||
| 100 | 0 | 0 |
_aAvery, Thomas Eugene. _98586 |
| 245 | 0 | _aNatural resources measurements | |
| 250 | _a2 ed | ||
| 260 |
_aNew York : _bMcGraw-Hill, _c1967 |
||
| 300 | _a339 p. | ||
| 490 | 0 | _aForest resources | |
| 590 |
_aBATCH-UPD _b10 _c20130110 _lUCH01 _h0759 |
||
| 590 |
_aBATCH-UPD _b10 _c20130410 _lUCH01 _h0438 |
||
| 590 |
_aBATCH-UPD _b10 _c20130914 _lUCH01 _h0717 |
||
| 590 |
_aCONVERSION _b10 _c20130109 _lUCH01 _h1335 |
||
| 650 | 1 | 4 |
_aBosques _xInventarios. _914240 |
| 650 | 1 | 4 |
_aCoeficientes de distribución de productos forestales. _924320 |
| 650 | 1 | 4 |
_aRecursos naturales. _995172 |
| 830 | 0 |
_aForest resources _942336 |
|
| 901 | _aBK | ||
| 949 |
_a634.9285 A8 1967 _bZA _cLIBRO _d-4693 _eLIBRO _h4680 _i72011 _si |
||
| 999 |
_c64382 _d64382 |
||